Normal view
MARC view
- Erum Mushtaq
Entry Personal Name
001 - CONTROL NUMBER
- control field: 7504
003 - CONTROL NUMBER IDENTIFIER
- control field: NUST
005 - DATE AND TIME OF LATEST TRANSACTION
- control field: 20171221154034.0
008 - FIXED-LENGTH DATA ELEMENTS
- fixed length control field: 171221|| aca||aabn | a|a d
040 ## - CATALOGING SOURCE
- Original cataloging agency: NUST
- Transcribing agency: NUST
100 ## - HEADING--PERSONAL NAME
- Personal name: Erum Mushtaq
670 ## - SOURCE DATA FOUND
- Source citation: Work cat.: (NUST): Erum Mushtaq, Space time coding using quaternion algebra, 2017
